000 01192nam1a22002531 4500
001 v19\rc\2087158
005 20081218100531.0
035 _a(NLR Aleph) 005157216
090 _a4954937
_c4954937
100 _a20081218d1913 |||y0rusy50 ca
101 0 _arus
102 _aRU
105 _ay z |||||
200 1 _aИстория средних веков
_e(Историография и источниковедение)
_eКурс, чит. на Моск. Высш. жен. курсах в 1912-1913 г.
_eИзд. по запискам слушательниц
_fД.Н. Егоров
210 _aМосква
_cИзд. о-во при Ист.-филос. фак. Моск. Высш. ж. к.
_d[1913]
215 _d27
300 _aЗагл. обл.: Средние века. Историография и источниковедение / Д.Н. Егоров
512 0 _aСредние века
_eИсториография и источниковедение / Д.Н. Егоров
700 1 _aЕгоров
_bД. Н.
_f1878-1931
_gДмитрий Николаевич
801 0 _aRU
_bNLR
_gpsbo
801 1 _aRU
_bProSoft-M
_2rusmarc
852 _aNLR
_j98-7/205
942 _cBOOK
980 _aNB